INTERNATIONAL BUSINESS (Record no. 6222)
[ view plain ]
| 000 -LEADER | |
|---|---|
| fixed length control field | 00476nam a22001697a 4500 |
| 005 - DATE AND TIME OF LATEST TRANSACTION | |
| control field | 20250603152227.0 |
| 008 - FIXED-LENGTH DATA ELEMENTS--GENERAL INFORMATION | |
| fixed length control field | 250603b |||||||| |||| 00| 0 eng d |
| 020 ## - INTERNATIONAL STANDARD BOOK NUMBER | |
| International Standard Book Number | 0072356766 |
| 050 ## - LIBRARY OF CONGRESS CALL NUMBER | |
| Classification number | HD 62.4 BAL |
| 100 ## - MAIN ENTRY--PERSONAL NAME | |
| Personal name | BALL DONALD A. |
| 245 ## - TITLE STATEMENT | |
| Title | INTERNATIONAL BUSINESS |
| Remainder of title | THE CHALLENGE OF GLOBAL COMPETITION |
| 300 ## - PHYSICAL DESCRIPTION | |
| Extent | XXX,720p.,ILLUS.,TABLES,MAPS,GRAPHS |
| 500 ## - GENERAL NOTE | |
| General note | END NOTES,INDEX |
| 700 ## - ADDED ENTRY--PERSONAL NAME | |
| Personal name | McCULLOCH,WENDELL H. |
| 710 ## - ADDED ENTRY--CORPORATE NAME | |
| Corporate name or jurisdiction name as entry element | FRANTZ,PAUL L. |
| 942 ## - ADDED ENTRY ELEMENTS (KOHA) | |
| Source of classification or shelving scheme | Library of Congress Classification |
| Koha item type | Books |
| Suppress in OPAC | No |
| 999 ## - | |
| -- | 6222 |
| -- | 6222 |
| Withdrawn status | Lost status | Source of classification or shelving scheme | Damaged status | Not for loan | Collection | Home library | Current library | Shelving location | Date acquired | Total checkouts | Full call number | Barcode | Date last seen | Copy number | Price effective from | Koha item type |
|---|---|---|---|---|---|---|---|---|---|---|---|---|---|---|---|---|
| Library of Congress Classification | Non-fiction | Graduate Library (Christ Temple) | Graduate Library (Christ Temple) | General stacks | 06/03/2025 | HD 62.4 BAL | gsct00001490 | 06/03/2025 | 1 | 06/03/2025 | Books | |||||
| Library of Congress Classification | Non-fiction | Graduate Library (Christ Temple) | Graduate Library (Christ Temple) | General stacks | 06/03/2025 | HD 62.4 BAL | gsct00001491 | 06/03/2025 | 2 | 06/03/2025 | Books | |||||
| Library of Congress Classification | Non-fiction | Graduate Library (Christ Temple) | Graduate Library (Christ Temple) | General stacks | 06/03/2025 | HD 62.4 BAL | gsct00001492 | 06/03/2025 | 3 | 06/03/2025 | Books |